|
|
|
|
| LEADER |
00000cam a2200000 7i4500 |
| 001 |
0000154828 |
| 005 |
20250124.0 |
| 008 |
250124s2023 my ao x b may |
| 020 |
|
|
|a 978961030714
|
| 040 |
|
|
|a PERPUSTAM
|b eng
|c PERPUSTAM
|e rda
|
| 041 |
|
|
|a may
|
| 090 |
0 |
0 |
|a 928.0595
|b EZE
|
| 100 |
0 |
|
|a Ezeri ,
|e author
|
| 245 |
1 |
0 |
|a DATO' BAHAMAN :
|b Sejarah Perjuangan Dan Adakah Dia Tok Guru Peram
|c EZERI
|
| 264 |
|
1 |
|a Temerloh, Pahang :
|b Potensi Network Resources
|c 2023
|
| 300 |
|
|
|a vi, 134 pages :
|b illustrations, photographs ;
|c 20 cm.
|
| 336 |
|
|
|a text
|2 rdacontent
|
| 337 |
|
|
|a unmediated
|2 rdamedia
|
| 338 |
|
|
|a volume
|2 rdacarrier
|
| 490 |
1 |
|
|a Anak-Anak Muslim
|
| 650 |
1 |
0 |
|a Patriotism
|z Malaysia
|v Biography
|
| 650 |
2 |
0 |
|a Heroes
|v Biography
|
| 999 |
|
|
|a 0000820320
|b Buku
|c Rak Terbuka
|e Perbadanan Perpustakaan Awam Melaka
|
| 999 |
|
|
|a 0000820321
|b Buku
|c Koleksi Sejarah
|e Perbadanan Perpustakaan Awam Melaka
|
| 999 |
|
|
|a 0000820322
|b Buku
|c Rak Terbuka
|e Perbadanan Perpustakaan Awam Melaka
|
| 999 |
|
|
|a 0000820323
|b Buku
|c Rak Terbuka
|e Perpustakaan Cawangan Jasin
|
| 999 |
|
|
|a 0000820324
|b Buku
|c Rak Terbuka
|e Perpustakaan Cawangan Masjid Tanah
|
| 999 |
|
|
|a 0000820325
|b Buku
|c Rak Terbuka
|e Perpustakaan Cawangan Merlimau
|
| 999 |
|
|
|a 0000820326
|b Buku
|c Rak Terbuka
|e Perpustakaan Komuniti UTC Melaka
|
| 999 |
|
|
|a 0000820327
|b Buku
|c Rak Terbuka
|e PK Aeon Jaya Jusco
|
| 999 |
|
|
|a 0000820328
|b Buku
|c Rak Terbuka
|e Perbadanan Perpustakaan Awam Melaka
|
| 999 |
|
|
|a 0000820329
|b Buku
|c Rak Terbuka
|e Perbadanan Perpustakaan Awam Melaka
|
| 999 |
|
|
|a 0000820330
|b Buku
|c Rak Terbuka
|e Perbadanan Perpustakaan Awam Melaka
|